Ouverture für Orchester zu W. Shakespeare's Tragödie "König Lear" /

Hlavní autor: Balakirev, Milij Aleksejevič, 1837-1910
Jazyk: Nelze použít, není lingvistický obsah
Vydáno: Leipzig : Zimmermann, [1885?]
Fyzický popis: 25 s.
Hudebniny Hudebniny
Uloženo v:
LEADER 00782ncm a22002052a 4500
001 001219551
003 CZ BrMZK
005 20120604120312.0
007 qu
008 120604s1885 gw |||||||||||||||||zxx d
040 |a BOA001  |b cze 
072 7 |a 786  |x Hudba pro klávesové nástroje  |2 Konspekt  |9 9 
100 1 |a Balakirev, Milij Aleksejevič,  |d 1837-1910  |7 jn19981000189  |4 cmp  |4 arr 
245 1 0 |a Ouverture  |h [hudebnina] :  |b für Orchester zu W. Shakespeare's Tragödie "König Lear" /  |c Milij Aleksejevič Balakirev ; Clavierauszug zu 4 Händen vom Componisten 
260 |a Leipzig :  |b Zimmermann,  |c [1885?] 
300 |a 25 s. 
910 |a BOA001  |b Mus4-0399.842 
990 |a MU 
991 |b 201206 
996 6 |b 2619620914  |c Mus4-0399.842  |l MZK  |r Sklad / do 1 hodiny  |n 0  |w 001253389  |u 000010  |a 1  |e BOA001  |j MZK50  |s P